000 00475nam a2200157Ia 4500
008 180321s2003 xx 000 0 und d
020 _a81-87222-32-8
082 _a341.522 STE
100 _aStewart, Taimoon
245 _aGlobalisation, competition policy and international trade negotiations
260 _bCUTS
_c2003
300 _a32
440 _aMonographs on Investment and Competition Policy, No.4
650 _aCompetition policy
650 _aInternational Trade
999 _c110868
_d110868